000 00565cam a2200193 a 4500
003 OSt
005 20260402161230.0
008 010518s2001 ii b 001 0 eng
020 _a8121509955
040 _cHDL
_beng
082 0 0 _a294.5925 P1
_221
100 1 _aNath, Vijay.
_91109601
245 1 0 _aPurāṇas and acculturation :
_ba historico-anthropological perspective /
_cVijay Nath.
260 _aNew Delhi :
_bMunshiram Manoharlal Publishers,
_c2001.
300 _axvi, 257 p.
_c22 cm.
651 _aIndia
942 _2CC
_cTEXL
_n0
999 _c1847967
_d1847967